The fortunes and misfortunes of the famous Moll Flanders /

Bibliographic Details
Main Author: Defoe, Daniel, 1661?-1731
Format: Book
Language:English
Published: [Place of publication not identified] : The Bibliophilist Society, 1931.

MARC

Tag First Indicator Second Indicator Subfields
LEADER 00000cam a2200000 i 4500
001 in00000026682
005 20151007062620.0
008 751211s1931 xx a 00001 eng d
035 |a (OCoLC)01890441 
035 |9 AAD5363AM 
040 |a INT  |c INT  |d TXA  |d UtOrBLW 
049 |a TXAM  |c [150229] 
090 |a PR3404  |b .M6 1931b 
100 1 |a Defoe, Daniel,  |d 1661?-1731. 
245 1 4 |a The fortunes and misfortunes of the famous Moll Flanders /  |c With Illustrations by John Alan Maxwell. 
264 1 |a [Place of publication not identified] :  |b The Bibliophilist Society,  |c 1931. 
300 |a  299 pages :  |b illustrations 
336 |a text  |b txt  |2 rdacontent 
337 |a unmediated  |b n  |2 rdamedia 
338 |a volume  |b nc  |2 rdacarrier 
740 0 |a Moll Flanders. 
999 |a MARS 
999 f f |s cfc23a4f-f561-3420-8a02-469abdbbec98  |i 129c0822-1235-350d-8692-4244944e08b2  |t 0 
952 f f |p normal  |a Texas A&M University  |b College Station  |c Sterling C. Evans Library  |d Evans: Library Stacks  |t 0  |e PR3404 .M6 1931b  |h Library of Congress classification  |i unmediated -- volume  |m A14801316118 
998 f f |a PR3404 .M6 1931b  |t 0  |l Evans: Library Stacks